000 00602nam a2200229Ia 4500
008 160303s9999 xx 000 0 und d
020 _a971-0391-10-0
050 _aFIL BC 59
050 _b.A78 2006
100 _aArticulo, Archimedes Carag.
245 _aLogic :
245 _bthe practice of critical thinking /
245 _cArchimedes Carag Articulo.
260 _aQuezon City:
260 _bGreat Books Trading,
260 _c2006
300 _a162 pages :
300 _billustrations ;
300 _c22 cm.
500 _aIncludes bibliographical references.
650 _aLogic.
999 _c291155
_d291155